| 000 | 00707cam a22002653a 4500 | ||
|---|---|---|---|
| 001 | 16095 | ||
| 003 | PGUSA | ||
| 005 | 20140828083338.0 | ||
| 008 | 050620s2005||||xxu|||||s|||||000 1 eng d | ||
| 040 |
_aPGUSA _beng |
||
| 042 | _adc | ||
| 050 | 4 | _aPT | |
| 100 | 1 |
_aWerner, E., _d1838-1918 |
|
| 245 | 1 | 4 |
_aThe Northern Light _h[electronic resource] / _cE. Werner |
| 260 |
_bProject Gutenberg, _c2005 |
||
| 506 | _aPublic domain in the USA. | ||
| 516 | _aElectronic text | ||
| 653 | _aDime novels | ||
| 653 | _aLove stories | ||
| 653 | _aGermany -- Fiction | ||
| 700 | 1 |
_aLowrey, D. M., _cMrs |
|
| 830 | 0 |
_aProject Gutenberg _v16095 |
|
| 856 | 4 | 0 | _uhttp://www.gutenberg.org/ebooks/16095 |
| 942 | _cEB | ||
| 999 |
_c245350 _d245350 |
||